000 00528nam a22002297a 4500
999 _c308002
_d308002
001 21795
003 UA-OsUOA
005 20200320150606.0
007 ta
008 20031213b un ||||| |||| 00| 0 ukr d
040 _aUA-OsUOA
_brus
_cUA-OsUOA
_dUA-OsUOA
041 _arus
044 _aRU
080 _a004.4
090 _a004.4
_bП13
245 _aПакет NORTON UTILITIES версии 5.0
260 _aМосква
_bИВК-СОФТ
_c1992
300 _a150 с.
650 7 _2UDC
942 _cBK
_2udc
955 _a2